000 00250nam a2200097Ia 4500
008 240331s9999 xx 000 0 und d
082 _bMIT
100 _aMitra, A
245 0 _aTelevision and popular culture in India :
_ba study of Mahabharat
942 _cL
999 _c2156
_d2156